000 00589nam a2200229Ia 4500
003 OSt
005 20220924132944.0
006 a|||||r|||| 00| 0
007 ta
008 220923b |||||||| |||| 00| 0 ara d
024 _a254512
037 _cTextual
040 _aARTS
_cARTS
_bara
041 _2ara
_aara
082 _aO1,3:g, 28K6
100 _aNajam Mohammd Yusuf Au.
_9205362
245 0 _aFun al Qissa
260 _c1966
650 _aWORLD LITERATURE
_9177791
942 _hO1,3:g, 28K6
_cTEXL
_2CC
999 _c432142
_d432142